human gene evolution (Record no. 480078)
[ view plain ]
| 000 -LEADER | |
|---|---|
| fixed length control field | 00544mam a2200217 a 4500 |
| 001 - CONTROL NUMBER | |
| control field | 4062798 |
| 003 - CONTROL NUMBER IDENTIFIER | |
| control field | ASAB |
| 005 - DATE AND TIME OF LATEST TRANSACTION | |
| control field | 20180827062630.0 |
| 008 - FIXED-LENGTH DATA ELEMENTS--GENERAL INFORMATION | |
| fixed length control field | 991007s1999 enka b 001 0 eng d |
| 015 ## - NATIONAL BIBLIOGRAPHY NUMBER | |
| National bibliography number | GB99-70046 |
| 020 ## - INTERNATIONAL STANDARD BOOK NUMBER | |
| International Standard Book Number | 81-8356-194-2 |
| 035 ## - SYSTEM CONTROL NUMBER | |
| System control number | (OCoLC)ocm44721157 |
| 035 ## - SYSTEM CONTROL NUMBER | |
| System control number | (NNC)4062798 |
| 040 ## - CATALOGING SOURCE | |
| Transcribing agency | ASAB |
| 100 1# - MAIN ENTRY--PERSONAL NAME | |
| Personal name | M. Prakash |
| 9 (RLIN) | 1818 |
| 245 10 - TITLE STATEMENT | |
| Title | human gene evolution |
| Statement of responsibility, etc. | M. Prakash |
| 300 ## - PHYSICAL DESCRIPTION | |
| Extent | xvii, 326 p., ill |
| Dimensions | 24 cm. |
| 440 ## - SERIES STATEMENT/ADDED ENTRY--TITLE | |
| Title | Encyclopaedia of gene evolution |
| Number of part/section of a work | 5 |
| 9 (RLIN) | 2244 |
| 942 ## - ADDED ENTRY ELEMENTS (KOHA) | |
| Source of classification or shelving scheme | |
| Koha item type | Book |
| Withdrawn status | Lost status | Source of classification or shelving scheme | Damaged status | Not for loan | Collection code | Permanent Location | Current Location | Date acquired | Total Checkouts | Full call number | Barcode | Date last seen | Price effective from | Koha item type |
|---|---|---|---|---|---|---|---|---|---|---|---|---|---|---|
| Central Library (CL) | Central Library (CL) | 04/28/2016 | 576 PRA | ASAB1937 | 11/22/2016 | 04/28/2016 | Book |
